| 000 | 00454nam a2200157 a 4500 | ||
|---|---|---|---|
| 001 | 000038671 | ||
| 005 | 20250522115618.0 | ||
| 008 | 130417s2002 dr 000 0 spa d | ||
| 020 | _a9993478032 | ||
| 040 |
_aDO-SdBNP _bspa _cBNPHU |
||
| 100 | 1 |
_aPérez, Mario Emilio, _d1935- _922183 |
|
| 245 | 1 | 0 |
_aMás brincos por la vida / _cMario Emilio Pérez. |
| 250 | _a2a ed. | ||
| 260 |
_aSanto Domingo : _bSoto Castillo , _c2002. |
||
| 300 |
_a168 p. : ; _c21 cm. |
||
| 999 |
_c38161 _d38161 |
||